| 000 | 00000nam 2200000zi 4500 |
| 001 | 9.922060 |
| 003 | CaOODSP |
| 005 | 20230428141400 |
| 006 | m o d f |
| 007 | cr bn||||||||| |
| 008 | 230428s1976 nscb ob f000 0 eng d |
| 040 | |aCaOODSP|beng|erda|cCaOODSP |
| 041 | 0 |aeng|beng|bfre |
| 043 | |an-cn-nk |
| 045 | |ax7x7 |
| 086 | 1 |aEn42-1/5-0-76-1E-PDF |
| 100 | 1 |aBaxter, M. D., |eauthor. |
| 245 | 12|aA bacteriological survey of Buctouche Bay, Shellfish Area #6, New Brunswick / |cby M.D. Baxter and G. Julien. |
| 264 | 1|a[Halifax] : |bMicrobiology Section, Environmental Services Branch, Environmental Protection Service, Atlantic Region, |c1976. |
| 300 | |a1 online resource (v, 22 pages) : |bmaps. |
| 336 | |atext|btxt|2rdacontent |
| 337 | |acomputer|bc|2rdamedia |
| 338 | |aonline resource|bcr|2rdacarrier |
| 490 | 1 |aEnvironmental Protection Service report series |
| 500 | |a"January, 1976." |
| 500 | |a"E.P.S.-5-AR-76-1." |
| 500 | |aOn cover: Surveillance report EPS-5-AR-76-1, Atlantic Region. |
| 500 | |aDigitized edition from print [produced by Environment and Climate Change Canada]. |
| 504 | |aIncludes bibliographical references (page 13). |
| 546 | |aIncludes abstracts in English and French. |
| 650 | 0|aShellfish fisheries|zNew Brunswick. |
| 650 | 0|aWater quality|zNew Brunswick. |
| 650 | 0|aBacterial pollution of water|zNew Brunswick. |
| 650 | 0|aEnterobacteriaceae|xEnvironmental aspects|zNew Brunswick. |
| 650 | 6|aCoquillages|xPêche commerciale|zNouveau-Brunswick. |
| 650 | 6|aEau|xQualité|zNouveau-Brunswick. |
| 650 | 6|aEau|xPollution bactérienne|zNouveau-Brunswick. |
| 650 | 6|aEntérobactériacées|xAspect de l'environnement|zNouveau-Brunswick. |
| 710 | 1 |aCanada. |bEnvironmental Protection Service. |bAtlantic Region, |eissuing body. |
| 830 | #0|aEnvironmental Protection Service report series.|w(CaOODSP)9.866031 |
| 856 | 40|qPDF|s2.42 MB|uhttps://publications.gc.ca/collections/collection_2023/eccc/en42/En42-1-5-0-76-1-eng.pdf |